Paroles L'effet papillon-Bénabar - Statistiques

Statistiques générales
  • Ce quiz a été pris 108 fois
  • Le résultat moyen est 223 sur 292
Statistiques - réponses
Réponse % Correct
a
100%
à
100%
le
100%
Le
100%
papillon
100%
de
99%
ça
97%
ce
97%
du
97%
l'effet
97%
ces
96%
que
96%
bat
95%
C'est
95%
c'est
95%
au
93%
des
93%
d'un
93%
Si
93%
si
93%
un
93%
Un
93%
battement
92%
d'aile
92%
la
92%
se
92%
par
89%
sur
89%
mais
88%
Mais
88%
part
88%
plus
87%
quelque
87%
te
87%
Cambodge
85%
conséquences
85%
grandes
85%
les
85%
petites
85%
causes
84%
qui
84%
son
84%
autre
83%
continent
83%
ou
83%
pour
83%
comme
81%
orages
81%
sa
81%
violent
81%
dégâts
80%
Il
80%
immenses
80%
ne
80%
est
79%
expression
79%
couche
77%
monde
77%
d'ozone
76%
fait
76%
jolie
76%
qu'on
76%
Qu'on
76%
choses
75%
côté
75%
dire
75%
nos
75%
Pourtant
75%
toi
75%
très
75%
cachalot
73%
perce
73%
Tout
73%
banquise
72%
bureau
72%
mal
72%
mari
72%
n'y
72%
pas
72%
sont
72%
trompé
72%
tu
72%
veut
72%
dans
71%
l'aile
71%
loin
71%
moutons
71%
nous
71%
ouvriers
71%
ovale
71%
papillons
71%
Quand
71%
ton
71%
blanc
69%
fonde
69%
l'ours
69%
revenons
69%
s'envole
69%
une
69%
Déclenche
68%
front
68%
s'étonne
68%
d'ici
67%
on
67%
personne
67%
t'as
67%
surprend
65%
surtout
65%
contre
64%
grossirons
64%
notre
64%
toussent
64%
occidental
63%
s'enrhume
61%
boule
60%
faire
60%
nez
60%
quelques
60%
resto
60%
vite
60%
fallait
59%
millions
59%
uns
59%
courir
57%
devras
57%
financier
57%
videur
57%
Biafine
56%
chopper
56%
destins
56%
domino
56%
mets
56%
t'enduiras
56%
claque
55%
coup
55%
dit
55%
propos
55%
proverbe
55%
soleil
55%
alors
53%
choix
53%
gave
52%
t'endors
52%
théorie
52%
conjugal
51%
devient
51%
extra
51%
l'appelle
51%
normal
51%
retour
51%
aventure
49%
Bouleverse
49%
flamme
49%
après-midi
48%
tribunal
48%
fais
47%
harpon
47%
permis
47%
vacarme
47%
maquille
45%
heures
44%
murmure
44%
huit
43%
récupérer
43%
t'auras
43%
bars
41%
tournée
41%
sais
40%
Avec
37%
fille
37%
Puis
37%
baleines
36%
demain
36%
lèvres
36%
rouge
36%
achète
35%
cosmétiques
35%
crèmes
35%
fabrique
31%
Allons
15%
Aucun quiz correspondant
Distribution des résultats
% des personnes avec chaque résultat
Percentile par nombre de réponses
Votre historique - résultats
Vous n’avez pas pris ce quiz